| 000 -ლიდერი |
| ფიქსირებული სიგრძის საკონტროლო ველი |
01203nam a22002537a 4500 |
| 003 - საკონტროლო ნომრის იდენტიფიკატორი |
| საკონტროლო ველი |
Ge_BSU |
| 005 - ბოლო ოპერაციის თარიღი და დრო |
| საკონტროლო ველი |
20240604171529.0 |
| 008 - ფიქსირებული სიგრძის მონაცემთა ელემენტები - ზოგადი ინფორმაცია |
| ფიქსირებული სიგრძის საკონტროლო ველი |
240604s2006 ge ||||| |||| 00| 0 geo d |
| 020 ## - წიგნის საერთაშორისო სტანდარტული ნომერი |
| International Standard Book Number |
9994058894 |
| 041 ## - ენის კოდი |
| Language code of text/sound track or separate title |
geo |
| 080 ## - უნივერსალური ათობითი კლასიფიკაციის ინდექსი |
| Universal Decimal Classification number |
395.6+341.7 ჯ-67 |
| 100 ## - მთავარი ჩანაწერი - პიროვნების სახელი |
| Personal name |
ჯოლია, გურამ |
| 9 (RLIN) |
22326 |
| 245 ## - ცნობა სათაურის შესახებ |
| Title |
ბიზნეს-ეტიკეტი და მოლაპარაკების ხელოვნება / |
| Statement of responsibility, etc |
გურამ ჯოლია; [რედ.: შოთა დოღონაძე]. |
| 264 ## - წარმოების, გამოცემის, დისტრიბუციის და სხვა ცნობები |
| გამოცემის, წარმოების, დისტრიბუციის... ადგილი |
თბ., |
| გამოცემის, წარმოების, დისტრიბუციის... თარიღი |
2006. |
| 300 ## - ფიზიკური აღწერა |
| Extent |
544გვ. : |
| Other physical details |
ნახ. ; |
| Dimensions |
20სმ. |
| 504 ## - BIBLIOGRAPHY, ETC. NOTE |
| Bibliography, etc |
ბიბლიოგრ.: გვ. 540-543. |
| 653 ## - INDEX TERM--UNCONTROLLED |
| Uncontrolled term |
ეტიკეტი |
| 653 ## - INDEX TERM--UNCONTROLLED |
| Uncontrolled term |
დიპლომატიური სამართალი |
| 653 ## - INDEX TERM--UNCONTROLLED |
| Uncontrolled term |
საქმიანი ეტიკეტი |
| 653 ## - INDEX TERM--UNCONTROLLED |
| Uncontrolled term |
მოლაპარაკების ხელოვნება |
| 700 ## - ADDED ENTRY--PERSONAL NAME |
| Personal name |
დოღონაძე, შოთა |
| Relator term |
რედაქტორი |
| 9 (RLIN) |
4915 |
| 856 ## - ELECTRONIC LOCATION AND ACCESS |
| Uniform Resource Identifier |
https://dspace.nplg.gov.ge/bitstream/1234/401330/1/Biznes-Etiketi_Da_Molaparakebis_Xelovneba_2006.pdf |
| Link text |
ელ. ვერსია |
| 942 ## - ADDED ENTRY ELEMENTS (KOHA) |
| Source of classification or shelving scheme |
|
| Koha item type |
წიგნი |